Expresión visual en las ciudades del Bahareque

Đã lưu trong:
Chi tiết về thư mục
Những tác giả chính: Gómez Alzate, Adriana (Tác giả), Londoño López, Felipe César (Tác giả)
Định dạng: Sách
Ngôn ngữ:Tiếng Tây Ban Nha
Được phát hành: Manizales Universidad de Caldas 1994
Những chủ đề:
Các nhãn: Thêm thẻ
Không có thẻ, Là người đầu tiên thẻ bản ghi này!

MARC

LEADER 00000nam a2200000 a 4500
001 UCP7062
003 CL-VaPUC
008 991126e19940000CK |||||||||||||||||spa|d
082 0 4 |a 711.409861  |b GOM  |2 21 
100 0 |a Gómez Alzate, Adriana  |e author  |9 436454 
700 0 |a Londoño López, Felipe César  |e author  |9 436455 
245 1 0 |a Expresión visual en las ciudades del Bahareque 
300 |a 108 p 
942 |c BK 
945 |d 19991126 00:00:00  |a rbrito 
260 |a Manizales  |b Universidad de Caldas  |c 1994 
650 0 |a Arquitectura colombiana   |y Siglo 19  |9 436456 
650 0 |a Ciudades  |9 265474 
650 0 |a Arquitectura colonial  |9 266240 
650 0 |a Urbanismo  |9 255208 
651 0 |a Colombia  |9 256424 
583 |a last modification  |c 20160829 11:48:52  |k Rodrigo Vera 
999 |c 284412  |d 284410 
952 |0 0  |1 0  |4 0  |6 711_409861000000000_GOM_1994  |7 0  |8 A  |9 328419  |a BIBARQ  |b BIBARQ  |d 2019-11-20  |i 3579778  |o 711.409861 GOM 1994  |p 3579778  |r 2025-01-20  |w 2019-11-20  |y BK  |k ARQ